Normal view
MARC view
- Bergeron, Bryan P
Entry Personal Name
001 - CONTROL NUMBER
- control field: 100131
003 - CONTROL NUMBER IDENTIFIER
- control field: NUST
005 - DATE AND TIME OF LATEST TRANSACTION
- control field: 20221013123403.0
008 - FIXED-LENGTH DATA ELEMENTS
- fixed length control field: 221013|| aca||aabn | a|a d
040 ## - CATALOGING SOURCE
- Original cataloging agency: NUST
- Transcribing agency: NUST
100 ## - HEADING--PERSONAL NAME
- Personal name: Bergeron, Bryan P
670 ## - SOURCE DATA FOUND
- Source citation: Work cat.: (NUST)177004: Bergeron, Bryan P., The Complete practical guide to bioinformatics for life scientists :, c2003.
